| 000 | 00368nam a22001457a 4500 | ||
|---|---|---|---|
| 999 |
_c532689 _d532689 |
||
| 003 | NUST | ||
| 038 | _aM.Ramzan | ||
| 082 |
_a551.8 _bRAG |
||
| 100 |
_aAgan, Donal M. _926291 |
||
| 245 |
_aStructural Geology: _bAn Introduction to Geometrical Techniques |
||
| 250 | _a4th | ||
| 260 |
_aUK: _bCambridge University Press, _c2009. |
||
| 300 | _a602 p, : | ||
| 942 |
_2ddc _cBK |
||